Представление документа в формате RUSMARC

ПолеНазваниеЗначение
  Тип записи c
  Библиографический уровень m
001 Контрольный номер RU/УОНБ/EK_N/635525494
005 Дата корректировки 20250520122110.3
100 Данные общей обработки __
a Данные общей обработки 20200220d1999 u y0rusy0189||||ca
101 Язык документа 0_
a Язык текста rus
102 Страна публикации __
a Страна публикации RU
105 Кодированные данные (монография) __
a Кодированные данные (монография) y###||||000|y
200 Заглавие и сведения об ответственности 1_
a Заглавие Новый хит
b Общее обозначение материала Ноты
e Сведения, относящиеся к заглавию песни в перелож. для фп. и гитары с голосом
e Сведения, относящиеся к заглавию ноты, аккорды, тексты песен
210 Выходные данные 1_
a Место издания Москва
c Издательство Современная музыка
d Дата издания 1999 -
215 Физическое описание __
d Формат 29 см
686 Индексы других классификаций __
a Классификационный индекс 85
2 Код системы rubbk
801 Источник записи _0
a Страна RU
b Организация Ульяновская ОНБ
c Дата составления 20200220
g Правила каталогизации RCR
801 Источник записи _1
a Страна RU
b Организация Ульяновская ОНБ
c Дата составления 20200220
g Правила каталогизации RCR
901 Тип документа __
t Тип документа v
909 Создатель записи __
a Создатель записи Грязнова И. Е.
938 Служебная информация __
a Имя БД noti
b Имя библиотеки УОНБ
c Имя АИБС МАРК-SQL
d Номер DOC_ID в БД 22013